| 000 | 00824nam a22002297a 4500 | ||
|---|---|---|---|
| 999 |
_c19887 _d19887 |
||
| 003 | AR-CdUCM | ||
| 008 | 190305b ||||| |||| 00| 0 spa d | ||
| 040 |
_aMUNICIPALIDAD PROVINCIAL DEL CUSCO _cBIBLIOTECA MUNICIPAL DEL CUSCO |
||
| 082 |
_a111 / _bJ25 |
||
| 100 |
_aJasinowski, Bogumił _941572 |
||
| 245 |
_asaber y dialéctica : _bContribución a la historia de las ideas / |
||
| 260 |
_aChile : _bDel pacifico, _c1957. |
||
| 300 |
_a158 Páginas ; _c20 cm. |
||
| 440 |
_aRevista filosófica de la universidad de Chile _941573 |
||
| 505 | _aContenido: Índole de las oposiciones conceptuales -- Neodialectica y dialéctica hegeliana... | ||
| 650 |
_aDialéctica _95490 |
||
| 650 |
_aLógica _92358 |
||
| 650 |
_aConocimiento _95704 |
||
| 700 |
_aVenegas Yañez, Arturo _941574 |
||
| 942 |
_2ddc _cLIBROS |
||
| 945 | _arcc | ||